Los vencidos: indios del Perú frente a la conquista española: 1530 1570
Збережено в:
| Автор: | |
|---|---|
| Формат: | Книга |
| Мова: | Іспанська |
| Опубліковано: |
Madrid
Alianza
1976
|
| Серія: | Alianza universidad, 157
|
| Предмети: | |
| Теги: |
Додати тег
Немає тегів, Будьте першим, хто поставить тег для цього запису!
|
MARC
| LEADER | 00000nam a2200000 a 4500 | ||
|---|---|---|---|
| 001 | UCX1233 | ||
| 003 | CL-VaPUC | ||
| 008 | 900625e19760000SP |||||||||||||||||spa|d | ||
| 082 | 0 | 4 | |a 985.02 |b WAC |2 21 |
| 100 | 0 | |a Wachtel, Nathan |e author |9 316649 | |
| 245 | 1 | 4 | |a Los vencidos: indios del Perú frente a la conquista española: 1530 1570 |
| 300 | |a 408 p | ||
| 942 | |c BK | ||
| 945 | |d 19900625 00:00:00 | ||
| 260 | |a Madrid |b Alianza |c 1976 | ||
| 650 | 7 | |a INCAS |2 CL-VaPUC |9 256565 | |
| 650 | 7 | |a INDIOS DE PERU |2 CL-VaPUC |9 316650 | |
| 650 | 7 | |a RELACIONES CON LOS GOBIERNOS |2 CL-VaPUC |9 316651 | |
| 651 | 0 | |a Perú |9 256567 | |
| 583 | |a last modification |c 19900625 00:00:00 |k Rodrigo Vera | ||
| 490 | 0 | |a Alianza universidad, 157 | |
| 999 | |c 222511 |d 222509 | ||
| 952 | |0 0 |1 0 |4 0 |6 985_020000000000000_WAC_1976 |7 0 |8 A |9 217356 |a BIBHIS |b BIBHIS |d 2019-11-15 |i 1259881 |l 6 |o 985.02 WAC 1976 |p 1259881 |r 2025-01-20 |s 2022-06-24 |w 2019-11-15 |y BK |k HIS | ||